000
00278nam a22001217a 4500
082
_a
894.812.3
_b
BAB/V
100
_a
BABU ULLALA
245
_a
VIKRAMADITHYAN KADHAKAL
260
_a
CHERTHALA
_b
SHARON BOOKS
300
_a
66
650
_a
MALAYALAM SHORT STORY
_z
KERALA
942
_c
BK
999
_c
1580
_d
1580